000 00567cam a22002053a 4500
001 35040
003 PGUSA
005 20140828083745.0
008 110122s2011||||xxu|||||s|||||000 | eng d
040 _aPGUSA
_beng
042 _adc
100 1 _aFlynt, Josiah
245 1 0 _aNotes of an Itinerant Policeman
_h[electronic resource] /
_cJosiah Flynt
260 _bProject Gutenberg,
_c2011
506 _aPublic domain in the USA.
516 _aElectronic text
830 0 _aProject Gutenberg
_v35040
856 4 0 _uhttp://www.gutenberg.org/ebooks/35040
942 _cEB
999 _c264295
_d264295